000 00465nam a2200145Ia 4500
008 230519s9999 xx 000 0 und d
020 _a978-93-92242-06-9
041 _aeng
082 _aPS/610.7368/SON/DB0961
100 _aSoni Meenakshi; Sharma Sonia & Toshniwal Varun
_9180569
245 _aTextbook of Mental Health Nursing for GNM Nursing Students
260 _bVision Health Sciences Publishers
_aPanjab
_c2021
300 _a293p
999 _c159545
_d159545